| 000 | 00619nam a2200217 a 4500 | ||
|---|---|---|---|
| 005 | 20210219153030.0 | ||
| 008 | 991125n 000 0 spa u | ||
| 035 | _aUPN01000073682 | ||
| 100 | _aMARTINEZ RODRIGUEZ, Silvia | ||
| 222 | _aREVISTA DE CIENCIAS DE LA EDUCACION | ||
| 245 | _aLa educación del ocio del adulto : más allá de la preparación para la jubilación | ||
| 260 | _aMadrid, España | ||
| 300 | _a123-129 | ||
| 362 | _a1996 No. 165, ene.-mar. | ||
| 653 | 0 | _aADULTOS | |
| 653 | 0 | _aDESARROLLO HUMANO | |
| 653 | 0 | _aJUBILACION | |
| 653 | 0 | _aOCIO | |
| 904 |
_aAC _b011493 |
||
| 905 | _aArticulo | ||
| 999 |
_c66527 _d66527 |
||